| 000 | 00644cab a2200193 4500 | ||
|---|---|---|---|
| 001 | X90605 | ||
| 008 | 090401t1998 xxu||||| |||| 00| 0 eng d | ||
| 035 | _a(Sirsi) u85073 | ||
| 041 | _aeng | ||
| 245 | _aBraid v Walsall MBC | ||
| 260 | _c1998 | ||
| 350 | _a0 | ||
| 490 |
_aNew Property Cases _v1998 NPC 39 |
||
| 520 | _aCA 10 March 1998. A tenant is able to displace the normal assumption that in a rent review clause the demised property was to be valued as at the date of the review. (Taken from headnote). | ||
| 650 | _aRENT REVIEW CLAUSE | ||
| 690 | _aLANDLORD AND TENANT-CASE LAW-RENT REVIEWS | ||
| 942 | _n0 | ||
| 948 | _c19/03/1998 | ||
| 999 |
_c53490 _d53490 |
||